01423nam1a2200325 i 4500001001900000005001700019035002600036100004100062101000800103102000700111105001800118200008800136210004700224215000700271300003900278320004700317463013300364463017500497517002000672541005700692606007400749606006600823686001000889686001300899700004700912701004700959702003701006801002701043852002701070RU\NLR\b_ik\15994320241225154844.0 a(NLR Aleph) 002232822 a20070627d2004 u y0rusy50 ba0 aeng aRU a||||z |||||1 aChronopathology of hemostasis systemfL.G. Khetagurova, K.D. Salbiev, F.S. Datiyeva aVladikavkazcПроект-прессd2004 d25 aЗагл. обл.: Chronopathology aБиблиогр. в конце томов 11001RU\NLR\b_ik\1592801200##$aVol. 10RU\NLR\b_ik\159280p159 с.tChronopathology of hemostasis system. - Vol. 1y5-88734-001-0 01001RU\NLR\b_ik\1592550RU\NLR\b_ik\159255fL.G. Khetagurova, K.D. Salbiyev, M.R. Katayeva [et al.]p255 с.tChronopathology of hemostasis system. - Vol. 2y5-88734-002-91 aChronopathology0 aХронопатология гемостазаzrus1 aГемостазxХронопатология3RU\NLR\AUTH\6614741681 aХронопатофизиология3RU\NLR\AUTH\6614741321 aР2521 aР252.71 1aChetagurovabL. G.gLarisa Georgievna4070 1aSalbievbK. D.gKazbek Dachcikoevič4070 1aDatievabF. S.gFatima Sergeevna 0aRUbNLRc20070627gRCR aNLRbИкj2007-7/1297